[Event "23rd Open"]
[Site "Schwarzach AUT"]
[Date "2008.08.18"]
[Round "3"]
[White "Krivoborodov,E"]
[Black "Braun,P"]
[Result "1-0"]
[WhiteElo "2414"]
[BlackElo "2232"]

1.e4 c5 2.Nf3 e6 3.d4 cxd4 4.Nxd4 a6 5.Bd3 Bc5 6.Nb3 Ba7 7.Qe2 Nc6 8.Be3 d6
9.Bxa7 Rxa7 10.a4 b6 11.N1d2 Nf6 12.O-O O-O 13.f4 e5 14.Nc4 Re8 15.f5 d5
16.exd5 Nb4 17.Ne3 Nbxd5 18.Nxd5 Qxd5 19.a5 e4 20.Bc4 Qc6 21.axb6 Qxb6+ 22.Kh1 Rc7
23.c3 e3 24.Nd4 Ne4 25.Bxa6 Nd2 26.Bb5 Re5 27.Rfe1 Bb7 28.Qg4 h5 29.Qg3 Rce7
30.Bd3 Qf6 31.Kg1 h4 32.Qh3 Qg5 33.Re2 Re8 34.Rae1 R8e7 35.b4 Re8 36.b5 R8e7
37.Nc6 Bxc6 38.bxc6 Qf4 39.f6 Qxf6 40.Rxe3 Rxe3 41.Qc8+ Re8 42.Qxe8+  1-0

[Event "5th DA Tan Malaysian Open"]
[Site "Kuala Lumpur MAS"]
[Date "2008.08.19"]
[Round "4"]
[White "Sukandar,I"]
[Black "Wang Li"]
[Result "1-0"]
[WhiteElo "2262"]
[BlackElo "2392"]

1.e4 c5 2.Nf3 e6 3.d4 cxd4 4.Nxd4 a6 5.Bd3 Qb6 6.Nb3 Qc7 7.Be3 Nf6 8.f4 d6
9.Qf3 Nc6 10.N1d2 Be7 11.a3 O-O 12.O-O b6 13.Qh3 g6 14.Rae1 Re8 15.Nc4 Nd7
16.f5 exf5 17.exf5 Nce5 18.Nxe5 Nxe5 19.Be4 Rb8 20.Nd4 Qd8 21.Nc6 Nxc6 22.Bxc6 Bf8
23.Bxe8 Qxe8 24.Bd4 Qa4 25.Qh4 d5 26.Qf6  1-0

[Event "Independence Cup A"]
[Site "Kyiv UKR"]
[Date "2008.08.19"]
[Round "7"]
[White "Dolzhikova,O"]
[Black "Khaetsky,R"]
[Result "1-0"]
[WhiteElo "2256"]
[BlackElo "2400"]

1.e4 c5 2.Nf3 e6 3.d4 cxd4 4.Nxd4 a6 5.Bd3 Bc5 6.Nb3 Ba7 7.Nc3 Nc6 8.Qe2 Nge7
9.Be3 O-O 10.O-O-O Qc7 11.f4 f6 12.h4 b5 13.h5 Na5 14.Nxa5 Qxa5 15.h6 g6
16.a3 b4 17.axb4 Qxb4 18.Na2 Bxe3+ 19.Qxe3 Qa5 20.Bc4 Qc7 21.Bb3 a5 22.Nc3 Rb8
23.Rd2 Rb4 24.Rhd1 Re8 25.Ba4 Nc6 26.Rd6 Nb8 27.Qg3 Rb6 28.Rxb6 Qxb6 29.f5 g5
30.fxe6  1-0

[Event "Independence Cup A"]
[Site "Kyiv UKR"]
[Date "2008.08.19"]
[Round "7"]
[White "Sivuk,V"]
[Black "Grinev,V"]
[Result "0-1"]
[WhiteElo "2324"]
[BlackElo "2297"]

1.e4 c5 2.Nf3 e6 3.d4 cxd4 4.Nxd4 a6 5.Bd3 Nf6 6.O-O Qc7 7.c4 Nc6 8.Be3 Nxd4
9.Bxd4 Bc5 10.Bc3 d6 11.Nd2 e5 12.Rc1 O-O 13.b4 Ba7 14.a3 Be6 15.Be2 Qe7
16.Kh1 Rac8 17.Bb2 Rc7 18.Qb3 Rfc8 19.Qg3 Nd7 20.f4 f6 21.f5 Bf7 22.Rfd1 Kh8
23.Qf3 Nb6 24.Qb3 Qe8 25.Qd3 Nxc4 26.Nxc4 Bxc4 27.Rxc4 Rxc4 28.Qxc4 Rxc4
29.Bxc4 Bd4 30.Bxd4 exd4 31.Rxd4 Qe5 32.Rd1 Qxe4 33.Be6 g6 34.h3 gxf5 35.Bd5 Qe3
36.Bxb7 Qxa3 37.Kh2 Qxb4 38.Bxa6 Qe4 39.Kh1 f4 40.Bd3 Qe3 41.Bf1 f3 42.Rd3 fxg2+
43.Kxg2 Qe5 44.Rf3 f5 45.Bd3 f4 46.h4 Kg7 47.Bf1 Qf5 48.Kf2 Kf6 49.Bd3 Qg4
50.h5 Qh4+ 51.Kg2 Kg7 52.Be2 Kh6 53.Rd3 d5 54.Rb3 Qe7 55.Bf3 Qg7+ 56.Kf2 Qd4+
57.Kg2 Qd2+ 58.Kh3 d4 59.Rb6+ Kg5 60.Rb5+ Kf6 61.Kg4 Qd3 62.Rb6+ Ke5 63.Rb7 Qf5+
64.Kh4 Qf6+ 65.Kg4 Qe6+ 66.Kh4 d3 67.Rb1 d2 68.Rd1 Qg8 69.Bg4 Qd8+ 70.Kh3 Qd3+
71.Kh4 Qg3+ 72.Kg5 f3 73.h6 Qf4+ 74.Kh4 f2 75.Rf1 Qh2+ 76.Kg5 Qg1  0-1

[Event "ch-SLO w"]
[Site "Ljubljana SLO"]
[Date "2008.08.19"]
[Round "4"]
[White "Nadvesnik,M"]
[Black "Kolaric,S"]
[Result "1-0"]
[WhiteElo "1841"]
[BlackElo "1890"]

1.e4 c5 2.Nf3 e6 3.d4 cxd4 4.Nxd4 a6 5.Bd3 Nf6 6.Nc3 Qc7 7.O-O Bd6 8.h3 Nc6
9.Nde2 O-O 10.f4 b5 11.Kh1 e5 12.f5 Bb7 13.Ng3 Nd4 14.Bg5 b4 15.Bxf6 bxc3
16.Nh5 g6 17.bxc3 Qxc3 18.Qc1 Rfc8 19.Qh6 Bf8 20.Qg5 Re8 21.fxg6 fxg6 22.Bxe5 Rxe5
23.Nf6+ Kh8 24.Qxe5 d6 25.Ne8+ Kg8 26.Rxf8+  1-0

[Event "44th Rubinstein Mem Open A"]
[Site "Polanica Zdroj POL"]
[Date "2008.08.19"]
[Round "1"]
[White "Skrzypczak,A"]
[Black "Warakomska,A"]
[Result "1-0"]
[WhiteElo "1977"]
[BlackElo "2211"]

1.e4 c5 2.Nf3 e6 3.d4 cxd4 4.Nxd4 a6 5.Bd3 Nf6 6.Qe2 d6 7.O-O Qc7 8.c4 Be7
9.Nc3 O-O 10.Be3 Nbd7 11.f4 b6 12.Nf3 Bb7 13.Bd2 Rac8 14.Rae1 Rfd8 15.Kh1 g6
16.b3 Bf8 17.f5 Bg7 18.fxe6 fxe6 19.Ng5 Re8 20.Qe3 Ne5 21.Bb1 Rcd8 22.Na4 b5
23.cxb5 axb5 24.Rc1 Qe7 25.Nc3 Bc6 26.Ne2 h6 27.Nf3 Nfg4 28.Qg1 Ba8 29.h3 Nxf3
30.gxf3 Ne5 31.f4 Nd7 32.Qxg6 Kh8 33.Bc3 Rg8 34.Qxh6+  1-0

[Event "44th Rubinstein Mem Open A"]
[Site "Polanica Zdroj POL"]
[Date "2008.08.19"]
[Round "1"]
[White "Plonczak,D"]
[Black "Kveinys,A"]
[Result "0-1"]
[WhiteElo "2162"]
[BlackElo "2527"]

1.e4 c5 2.Nf3 e6 3.d4 cxd4 4.Nxd4 a6 5.Bd3 Nf6 6.O-O Qc7 7.Qe2 d6 8.b3 g6
9.Bb2 Bg7 10.Nf3 Nc6 11.Nbd2 O-O 12.Rad1 Re8 13.c4 e5 14.Rfe1 Nh5 15.Nf1 Bg4
16.Ne3 Nf4 17.Qd2 Bxf3 18.gxf3 Qd8 19.Bf1 Qh4 20.Qxd6 Nd4 21.Bxd4 exd4 22.Ng4 Ne6
23.Qg3 Qe7 24.Ne5 Bxe5 25.Qxe5 Rad8 26.Qg3 Ng7 27.Re2 Nh5 28.Qg4 Qe5 29.Red2 Re6
30.Qh4 Rf6 31.Bg2 Kg7 32.a3 Nf4 33.Qg3 h6 34.b4 d3 35.Kh1 Qc3 36.Bf1 Qxc4
37.Bh3 Qc3 38.Bg4 Qxa3  0-1

[Event "23rd Open"]
[Site "Schwarzach AUT"]
[Date "2008.08.19"]
[Round "4"]
[White "Groetz,H"]
[Black "Scheffknecht,P"]
[Result "0-1"]
[WhiteElo "2405"]
[BlackElo "2187"]

1.e4 c5 2.Nf3 e6 3.d4 cxd4 4.Nxd4 a6 5.Bd3 Nf6 6.O-O d6 7.c4 b6 8.Nc3 Bb7
9.Qe2 Qc7 10.f4 Nbd7 11.Bd2 Be7 12.Rae1 O-O 13.b4 Rad8 14.a3 g6 15.Nf3 Ng4
16.h3 Ngf6 17.Qf2 Ne8 18.Be3 b5 19.Nd2 bxc4 20.Bxc4 Nef6 21.Rc1 Qb8 22.Qe2 Qa8
23.Bf2 Nh5 24.Be1 Bf6 25.g4 Bd4+ 26.Kh2 Nhf6 27.g5 Nh5 28.Nb3 Bb6 29.Rd1 Bc7
30.Bd3 Qb8 31.Bd2 Rc8 32.Rde1 Qa8 33.a4 Rfd8 34.a5 e5 35.f5 d5 36.Qf2 Rf8
37.Kg1 Bd6 38.b5 dxe4 39.Nxe4 Be7 40.b6 Bd5 41.Qf3 Kh8 42.Rb1 f6 43.Qg4 Nf4
44.Bxf4 Bxe4 45.Bxe4 Qxe4 46.fxg6 Qxg6 47.Qxd7 exf4 48.Rb2 Qe4 49.b7 Rcd8
50.Qg4 Rg8 51.Re2 Qxb7 52.h4 fxg5 53.h5 Rd3 54.Qe6 Rg3+ 55.Kh2 Qxb3 56.Qxb3 Rxb3
57.Rxe7 Rc8 58.Rfe1 Rc2+ 59.Kg1 Rg3+ 60.Kf1 Rh3 61.Re8+ Kg7  0-1

[Event "Open A"]
[Site "Vladimir RUS"]
[Date "2008.08.19"]
[Round "7"]
[White "Kolmakov,P"]
[Black "Uraev,I"]
[Result "0-1"]
[WhiteElo "2263"]
[BlackElo "2150"]

1.e4 c5 2.Nf3 e6 3.d4 cxd4 4.Nxd4 a6 5.Bd3 Nf6 6.O-O d6 7.c4 Nbd7 8.Nc3 Qc7
9.b3 Be7 10.Bb2 O-O 11.Kh1 Re8 12.Be2 b6 13.f4 Bb7 14.Bf3 Bf8 15.Qd2 Rad8
16.Nc2 Qb8 17.Rae1 Qa8 18.b4 Rc8 19.Qe2 Rc7 20.Qd3 Rec8 21.Ne3 Bc6 22.g4 h6
23.Ncd5 exd5 24.exd5 Ba4 25.g5 hxg5 26.fxg5 Ne8 27.g6 Ne5 28.Bxe5 dxe5 29.Qf5 Nd6
30.Qh3 fxg6 31.Bg4 Nf7 32.Be6 Re8 33.Rxf7 Rxf7 34.Rf1 Rxe6 35.Qxe6 Qe8 36.Qxb6 Rxf1+
37.Nxf1 Qf7 38.Kg2 Bc2 39.Nd2 e4 40.a3 Qe7 41.Qe3 Qe5 42.Nf1 Bd3 43.Ng3 Bxc4  0-1

[Event "5th DA Tan Malaysian Open"]
[Site "Kuala Lumpur MAS"]
[Date "2008.08.20"]
[Round "6"]
[White "Nadig,K"]
[Black "Jia,H"]
[Result "0-1"]
[WhiteElo "2241"]
[BlackElo "2303"]

1.e4 c5 2.Nf3 e6 3.d4 cxd4 4.Nxd4 a6 5.Bd3 Nf6 6.O-O Qc7 7.Qe2 d6 8.c4 Nbd7
9.f4 Be7 10.Nc3 O-O 11.Be3 b6 12.Rac1 Bb7 13.b4 Rfe8 14.Nb3 Rac8 15.a3 Qb8
16.Rfe1 Bf8 17.Bf2 g6 18.Kh1 Bg7 19.Qd2 Bh6 20.h3 d5 21.exd5 Bxf4 22.Be3 Bxe3
23.Rxe3 exd5 24.cxd5 Rxe3 25.Qxe3 Rxc3 26.Rxc3 Nxd5 27.Qd4 Nxc3 28.Qxd7 Bd5
29.Nd2 Kg7 30.Qg4 Qe5 31.Nf3 Bxf3 32.Qxf3 b5 33.Qc6 Nd1 34.Qc2 Ne3 35.Qe2 h5
36.Qf3 h4 37.Qe4 Qxe4 38.Bxe4 Nc4 39.Bb7 Nxa3 40.Bxa6 Kf6 41.Bb7 Nc2 42.Bc6 Nd4
43.Bd5 Ke7 44.Kg1 f5 45.Kf2 Kd6 46.Bf7 g5 47.g3 hxg3+ 48.Kxg3 Ke5 49.Bg6 Ke4
50.Be8 Ke3 51.Kg2 f4 52.Kf1 f3 53.Bd7 f2 54.Be8 Kf3 55.Bh5+ Kg3 56.Bg6 Nf3  0-1

[Event "U16 Olympiad"]
[Site "Mersin TUR"]
[Date "2008.08.20"]
[Round "6"]
[White "Kerigan,D"]
[Black "Straka,Jo"]
[Result "0-1"]
[WhiteElo "1892"]
[BlackElo "2122"]

1.e4 c5 2.Nf3 e6 3.d4 cxd4 4.Nxd4 a6 5.Bd3 Bc5 6.Nb3 Ba7 7.c4 d6 8.O-O Nc6
9.Qe2 Qh4 10.Be3 Nf6 11.h3 e5 12.Bxa7 Rxa7 13.Nc3 O-O 14.Rac1 Be6 15.Qe3 Raa8
16.Nd5 Nd7 17.Rfd1 Rac8 18.Qf3 a5 19.Bb1 a4 20.Nd2 Nd4 21.Qe3 Bxd5 22.cxd5 Nc5
23.Nc4 Qe7 24.f4 f6 25.Qf2 b5 26.Ne3 g6 27.h4 Kh8 28.g3 b4 29.Kg2 Qd8 30.h5 g5
31.Rxd4 exd4 32.Nf5 d3 33.Qd4 gxf4 34.gxf4 b3 35.axb3 Nxb3 36.Rxc8 Qxc8 37.Qxd3 Qc1
38.e5 Qxb2+ 39.Kh3 Nc5 40.Qd1 a3 41.e6 Rg8 42.Ng3 Qc3 43.Qg1 Ne4  0-1

[Event "U16 Olympiad"]
[Site "Mersin TUR"]
[Date "2008.08.20"]
[Round "6"]
[White "Petenyi,T"]
[Black "Atman,B"]
[Result "1-0"]
[WhiteElo "2288"]
[BlackElo "1941"]

1.e4 c5 2.Nf3 e6 3.d4 cxd4 4.Nxd4 a6 5.Bd3 Bc5 6.Nb3 Ba7 7.O-O Nc6 8.Qe2 Nge7
9.Nc3 O-O 10.Be3 Bxe3 11.Qxe3 d5 12.exd5 exd5 13.Ne2 Re8 14.Rad1 Ng6 15.Qg3 Qf6
16.Bxg6 Rxe2 17.Bd3 Re7 18.c3 Ne5 19.Rfe1 Bd7 20.Nd4 Rae8 21.b3 h5 22.h4 g6
23.Re3 b5 24.Be2 Bg4 25.f3 Bd7 26.Bf1 Kg7 27.Kh1 Nc6 28.Rxe7 Rxe7 29.Qf2 Re4
30.Nxc6 Bxc6 31.Kg1 Rf4 32.Rd3 Kh7 33.g3 Rf5 34.f4 Qe7 35.Qd4 Rf6 36.Re3 Re6
37.Rxe6 Qxe6 38.b4 Qe4 39.Qxe4 dxe4 40.c4 e3 41.cxb5 axb5 42.Bd3 Kg7 43.Kf1 Kf6
44.Ke2 Ke6 45.Kxe3 Kd6 46.Kd4 Bd7 47.a3 f5 48.Be2 Bc6 49.Bd1 Bd5 50.Bc2 Be6
51.Kc3 Bd5 52.Bb3 Bf3 53.Bf7 Bg4 54.Bxg6 Kd5 55.Kd3 Ke6 56.Kd4 Kd6 57.Be8 Be2
58.Ke3 Bd1 59.Bxb5 Kd5 60.Be2  1-0

[Event "U16 Olympiad"]
[Site "Mersin TUR"]
[Date "2008.08.20"]
[Round "6"]
[White "Tamazyan,H"]
[Black "Iljiushenok,I"]
[Result "0-1"]
[WhiteElo "2139"]
[BlackElo "2315"]

1.e4 c5 2.Nf3 e6 3.d4 cxd4 4.Nxd4 a6 5.Bd3 Bc5 6.Nb3 Ba7 7.O-O Nc6 8.Qg4 Nf6
9.Qe2 d6 10.Be3 O-O 11.c3 e5 12.Na3 Bxe3 13.Qxe3 b5 14.Rad1 Be6 15.Nc2 Qe7
16.Qb6 Rfc8 17.Na5 Qc7 18.Qxc7 Rxc7 19.Nxc6 Rxc6 20.f3 Kf8 21.g3 Ke7 22.Kf2 Rb6
23.a3 Nd7 24.Ne3 Nc5 25.b4 Na4 26.c4 Nb2 27.Rd2 Nxd3+ 28.Rxd3 bxc4 29.Rc3 a5
30.bxa5 Rb3 31.Rc2 Rxa5 32.Nxc4 Bxc4 33.Rxc4 Raxa3 34.Rc7+ Ke6 35.Kg2 Rb2+
36.Kh3 h5 37.Rd1 Raa2 38.Rh1 Rf2 39.Rc6 Rad2 40.Rc3 g5 41.g4 h4 42.Ra3 d5
43.exd5+ Kxd5 44.Ra5+ Kd4 45.Ra4+ Kd3 46.Ra3+ Kc2 47.Re3 f6 48.Ra3 Rde2 49.Ra2+ Kb3
50.Rxe2 Rxe2 51.Rb1+ Rb2 52.Rd1 Rf2 53.Rd3+ Kb4 54.Re3 Rd2 55.Re4+ Kb5 56.Re3 Kc4
57.Ra3 Rd3 58.Ra4+ Kb5 59.Ra8 Rxf3+ 60.Kg2 Rf4 61.Rb8+ Kc6 62.Kh3 e4 63.Rd8 Kc7
64.Rd2 Rf3+ 65.Kg2 h3+ 66.Kg1 e3 67.Rd1 Kc6  0-1

[Event "X Sants Open"]
[Site "Barcelona ESP"]
[Date "2008.08.22"]
[Round "1"]
[White "Colon Garcia,E"]
[Black "Hernandez Carmenates,Hold"]
[Result "0-1"]
[WhiteElo "2118"]
[BlackElo "2582"]

1.e4 c5 2.Nf3 e6 3.d4 cxd4 4.Nxd4 a6 5.Bd3 Nf6 6.O-O Qc7 7.Qe2 d6 8.c4 g6
9.Nc3 Bg7 10.Rd1 O-O 11.Nf3 Nc6 12.Bc2 Nd7 13.Bf4 Nde5 14.Rac1 Nxf3+ 15.Qxf3 Ne5
16.Qe2 Qxc4 17.Qxc4 Nxc4 18.Bb3 e5 19.Bg5 b5 20.Bxc4 bxc4 21.Nd5 f6 22.Be3 Bb7
23.Rxc4 Rf7 24.f3 Bf8 25.Rc3 Rc8 26.Rxc8 Bxc8 27.b4 f5 28.a4 fxe4 29.fxe4 Bb7
30.b5 axb5 31.axb5 Be7 32.b6 Bd8 33.Nc3 Rd7 34.Nb5 Be7 35.Rc1 Kf7 36.Nc3 Bd8
37.Nd5 Ke6 38.Nc7+ Kf7 39.Nd5 Ke8 40.Kf2 Rf7+ 41.Ke2 Kd7 42.Kd3 h5 43.Kc4 g5
44.Kb5 g4 45.Nb4 Bxe4 46.Ka6 Bxg2 47.b7 Bxb7+ 48.Kxb7 Ke6+ 49.Ka6 Rf3 50.Bg1 Bg5
51.Rd1 Rb3 52.Kb5 Rb2 53.Kc4 h4 54.Kc3 Rg2 55.Nd5 h3 56.Be3 Bh4 57.Bf4 Bf2
58.Be3 Rxh2 59.Bxf2 Rxf2 60.Ne3 g3  0-1

[Event "U16 Olympiad"]
[Site "Mersin TUR"]
[Date "2008.08.22"]
[Round "7"]
[White "Yuksel,A"]
[Black "Rigopoulos Tsigkos,A"]
[Result "0-1"]
[WhiteElo "1936"]
[BlackElo "2018"]

1.e4 c5 2.Nf3 e6 3.d4 cxd4 4.Nxd4 a6 5.Bd3 Bc5 6.Nb3 Be7 7.O-O d6 8.c4 Nf6
9.Nc3 Nbd7 10.f4 b6 11.Qe2 Qc7 12.Bd2 Bb7 13.Rae1 e5 14.f5 h5 15.Kh1 h4 16.Be3 Qd8
17.Rd1 Nh5 18.Bb1 Bg5 19.Rf3 Qf6 20.Bxg5 Qxg5 21.Qd2 Qxd2 22.Rxd2 Ke7 23.Nc1 Rac8
24.b3 Nf4 25.Nd3 Nxd3 26.Rfxd3 Rh6 27.Kg1 Nc5 28.Re3 Nd7 29.Red3 Bc6 30.a3 Nc5
31.Re3 Nxb3 32.Rb2 Na5 33.Ba2 Rb8 34.Re1 Kd7 35.Reb1 Kc7 36.Rc1 Nb7 37.Kf2 Nc5
38.Ke3 f6 39.Rd1 Rhh8 40.Rbd2 Rhd8 41.Bb1 Nb3 42.Rb2 Nd4 43.Ba2 Rdc8 44.Rbd2 b5
45.cxb5 Bxb5 46.Nd5+ Kd8 47.Kf2 Bc4 48.Bxc4 Rxc4 49.g3 hxg3+ 50.Kxg3 Rb3+
51.Rd3 Rb2 52.R1d2 Rxd2 53.Rxd2 Nb5 54.Kf3 Nc3 55.Rc2 Nxe4 56.Rb2 Ng5+ 57.Ke3 Re4+
58.Kf2 Rd4 59.Nb4 Kd7 60.Nxa6 Rf4+ 61.Kg2 Rxf5 62.Rb7+ Kc6 63.Rxg7 e4 64.Nb8+ Kd5
65.Re7 Ne6 66.Nd7 Nc5 67.Nxc5 dxc5 68.a4 c4 69.a5 Kd4 70.a6 c3 71.a7 Ra5
72.h4 c2 73.Rc7 Rxa7 74.Rxc2 f5 75.Kf2 f4 76.Rc8 Ra2+ 77.Ke1 Rh2 78.Ra8 f3
79.Ra4+ Ke3 80.Ra3+ Kf4 81.Ra8 e3 82.Rf8+ Kg3 83.Rg8+ Kh3 84.Kf1 e2+ 85.Ke1 Rh1+  0-1

[Event "44th Rubinstein Mem Open A"]
[Site "Polanica Zdroj POL"]
[Date "2008.08.22"]
[Round "4"]
[White "Owczarzak,J"]
[Black "Czarnota,P"]
[Result "1-0"]
[WhiteElo "2343"]
[BlackElo "2526"]

1.e4 c5 2.Nf3 e6 3.d4 cxd4 4.Nxd4 a6 5.Bd3 Nf6 6.O-O Qc7 7.Qe2 d6 8.c4 g6
9.Nc3 Bg7 10.Be3 Nbd7 11.Rac1 O-O 12.f3 b6 13.Rfd1 Bb7 14.Qf2 Rac8 15.Bf1 Qb8
16.Kh1 Rfe8 17.Nc2 Ba8 18.Bd4 Bh6 19.Be3 Bf8 20.Qh4 Be7 21.Bg5 Rc5 22.f4 h6
23.Qxh6 Nxe4 24.Nxe4 Bxe4 25.b4 Bf8 26.Qh4 Rcc8 27.Ne3 a5 28.a3 axb4 29.axb4 Bg7
30.Ng4 f5 31.Nf6+ Nxf6 32.Bxf6 Kf7 33.Bxg7 Kxg7 34.Ra1 Qc7 35.Qf2 Red8 36.Ra6 Rb8
37.Kg1 e5 38.fxe5 dxe5 39.Rxd8 Qxd8 40.Ra7+ Rb7 41.Rxb7+ Bxb7 42.c5 bxc5
43.Qxc5 Kf6 44.Be2 g5 45.Kf2 e4 46.g3 f4 47.gxf4 gxf4 48.h4 Bd5 49.Bc4 Kg7
50.Qxd5 Qxh4+ 51.Ke2 f3+ 52.Ke3 Qe1+ 53.Kf4 f2 54.Qg8+ Kh6 55.Qf8+ Kg6 56.Bf7+ Kf6
57.Bd5+  1-0

[Event "23rd Open"]
[Site "Schwarzach AUT"]
[Date "2008.08.22"]
[Round "7"]
[White "Jens,J"]
[Black "Scheffknecht,P"]
[Result "1-0"]
[WhiteElo "2397"]
[BlackElo "2187"]

1.e4 c5 2.Nf3 e6 3.d4 cxd4 4.Nxd4 a6 5.Bd3 Nf6 6.O-O d6 7.c4 b6 8.Nc3 Bb7
9.Kh1 Be7 10.f4 Nbd7 11.Qe2 Qc7 12.Bd2 O-O 13.Rae1 Rad8 14.Rf3 g6 15.Rh3 Rfe8
16.Nf3 Ng4 17.Rg3 Ngf6 18.Ng5 e5 19.f5 b5 20.cxb5 axb5 21.Nxb5 Qb6 22.Be3 Qa5
23.b4 Qxb4 24.Rb1 Qa4 25.Nxd6 Bxd6 26.Rxb7 Qc6 27.Rb1 Rc8 28.Rf3 h6 29.fxg6 hxg5
30.Bxg5 Re6 31.gxf7+ Kxf7 32.Bb5 Qc7 33.Rbf1 Be7 34.Rf5 Rg8 35.Bc4 Qc6 36.Bd5 Qb6
37.Qh5+ Rg6 38.Bxf6 Bxf6 39.Rg5 Nf8 40.Rxg6 Nxg6 41.Qh7+ Kf8 42.Qxg6 Qa6
43.Qh6+ Ke8 44.Rc1 Rd6 45.Qg6+ Kd8 46.Qg8+ Kd7 47.Qf7+ Kd8 48.Qf8+ Kd7 49.Bf7 Rc6
50.Be8+  1-0

[Event "5th DA Tan Malaysian Open"]
[Site "Kuala Lumpur MAS"]
[Date "2008.08.23"]
[Round "10"]
[White "Liong,I"]
[Black "Jia,H"]
[Result "0-1"]
[WhiteElo "2159"]
[BlackElo "2303"]

1.e4 c5 2.Nf3 e6 3.d4 cxd4 4.Nxd4 a6 5.Bd3 Nf6 6.O-O Qc7 7.Qe2 d6 8.c4 Nbd7
9.f4 Be7 10.Kh1 b6 11.Nc3 Bb7 12.Bd2 O-O 13.Rae1 Rad8 14.Bb1 Rfe8 15.g4 g6
16.g5 Nh5 17.Kg1 Ng7 18.b3 Nc5 19.f5 exf5 20.Qf2 Nce6 21.Nxe6 fxe6 22.Be3 Qc6
23.Bxb6 Bxg5 24.Bxd8 Bxd8 25.Na4 Nh5 26.Rd1 Bg5 27.Nc3 Bd8 28.Na4 Bc7 29.c5 d5
30.Nc3 Nf6 31.Qd4 Nxe4 32.b4 Nxc3  0-1

[Event "5th DA Tan Malaysian Open"]
[Site "Kuala Lumpur MAS"]
[Date "2008.08.23"]
[Round "10"]
[White "Legaspi,R"]
[Black "Wang Li"]
[Result "0-1"]
[WhiteElo "2315"]
[BlackElo "2392"]

1.e4 c5 2.Nf3 e6 3.d4 cxd4 4.Nxd4 a6 5.Bd3 Qb6 6.Nb3 Qc7 7.Nc3 Nf6 8.Qe2 d6
9.g4 Be7 10.g5 Nfd7 11.h4 b5 12.a3 Bb7 13.Be3 Nc6 14.O-O-O b4 15.axb4 Nxb4
16.h5 Ne5 17.Kb1 Nexd3 18.cxd3 a5 19.g6 Bf6 20.Nd4 Ba6 21.Ndb5 Qd7 22.d4 Rb8
23.e5 Bxb5 24.Nxb5 Bxe5 25.dxe5 Qxb5 26.Qxb5+ Rxb5 27.h6 gxh6 28.g7 Rg8 29.exd6 Rxg7
30.Bxh6 Rg8 31.Rc1 Kd7 32.Rc7+ Kxd6 33.Rxf7 Rf5 34.Bf4+ Kd5 35.Rd7+ Ke4 36.Be3 h5
37.b3 Nd5 38.Rh7 Nxe3 39.fxe3 Rg3 40.R7xh5 Rxe3 41.R1h4+ Ke5 42.Ra4 Rxb3+
43.Kc2 Rb5  0-1

[Event "ch-SLO w"]
[Site "Ljubljana SLO"]
[Date "2008.08.23"]
[Round "8"]
[White "Bucar,N"]
[Black "Kolaric,S"]
[Result "1-0"]
[WhiteElo "1848"]
[BlackElo "1890"]

1.e4 c5 2.Nf3 e6 3.d4 cxd4 4.Nxd4 a6 5.Bd3 Nf6 6.Qe2 d6 7.c4 b6 8.Nc3 Bb7
9.O-O Nbd7 10.b3 Be7 11.f3 O-O 12.Be3 Rc8 13.Rac1 Qc7 14.Rfd1 Rfe8 15.Qf2 Qb8
16.Na4 Bd8 17.Ne2 Ba8 18.Kh1 Bc7 19.g3 d5 20.Nec3 dxe4 21.Nxe4 Ne5 22.Nxf6+ gxf6
23.Be4 Bxe4 24.fxe4 Ng4 25.Qf3 Nxe3 26.Qxe3 Rcd8 27.Rf1 Kg7 28.Qf2 Be5 29.Qxb6 Qa8
30.Qe3 Rd4 31.Nc3 Red8 32.Rfd1 Rxd1+ 33.Nxd1 Rd4 34.Nf2 Qd8 35.Rc2 Rd1+ 36.Kg2 Bd4
37.Qe2 Bxf2 38.Qxf2 Qd3 39.Qe2 Qd4 40.c5 f5 41.e5 Rd3 42.Rc4 Qd5+ 43.Kh3 Rd2
44.Qxd2 Qxd2 45.c6 Qd8 46.c7 Qc8 47.b4 f6 48.a4 f4 49.gxf4 fxe5 50.fxe5 Kg6
51.b5 axb5 52.axb5 Kf5 53.b6 h5 54.b7 Qxb7 55.c8=Q Qf3+ 56.Kh4 Qf2+ 57.Kxh5 Qxh2+
58.Rh4 Qe2+ 59.Kh6 Qe3+ 60.Kh7 Qa7+ 61.Kh8 Kxe5 62.Qc3+ Kd6 63.Qb4+ Qc5 64.Rd4+  1-0

[Event "U16 Olympiad"]
[Site "Mersin TUR"]
[Date "2008.08.23"]
[Round "8"]
[White "Mammadov,A"]
[Black "Vardanian,HaiG"]
[Result "0-1"]
[WhiteElo "2347"]
[BlackElo "2177"]

1.e4 c5 2.Nf3 e6 3.d4 cxd4 4.Nxd4 a6 5.Bd3 Nc6 6.Nxc6 dxc6 7.O-O e5 8.Nd2 Be6
9.Qh5 Bd6 10.Nc4 Nf6 11.Qf3 Bxc4 12.Bxc4 O-O 13.a4 h6 14.a5 Qe7 15.c3 Bc5
16.Bd2 Rad8 17.Rad1 Rd7 18.Bc1 Rfd8 19.b4 Ba7 20.Bb3 Rxd1 21.Rxd1 Rxd1+ 22.Bxd1 Qe6
23.Be3 Bxe3 24.Qxe3 Qa2 25.f3 c5 26.Qc1 Nh5 27.g3 Nf6 28.Qc2 Qa1 29.Qd2 g5
30.Kg2 Kg7 31.Be2 cxb4 32.cxb4 g4 33.fxg4 Nxe4 34.Qc2 Qd4 35.Bf3 Nf6 36.Qf5 e4
37.Be2 Nd5 38.Kh3 Nc3 39.Bf1 e3 40.g5 hxg5 41.Qxg5+ Kf8 42.Qh6+ Ke8 43.Qh5 Qd7+
44.g4 e2 45.Qe5+ Qe6 46.Qb8+ Ke7 47.Qc7+ Kf8 48.Qd8+ Kg7 49.Bxe2 Nxe2 50.Qg5+ Kh7  0-1

[Event "U16 Olympiad"]
[Site "Mersin TUR"]
[Date "2008.08.23"]
[Round "8"]
[White "Ashiku,F"]
[Black "Atman,B"]
[Result "1-0"]
[WhiteElo "2056"]
[BlackElo "1941"]

1.e4 c5 2.Nf3 e6 3.d4 cxd4 4.Nxd4 a6 5.Bd3 Bc5 6.Nb3 Ba7 7.O-O Nc6 8.c4 d6
9.Nc3 Nf6 10.Qe2 O-O 11.Kh1 Ne5 12.Bg5 h6 13.Bh4 Ng6 14.Bg3 e5 15.Nd5 Nxd5
16.cxd5 f5 17.Qh5 Qg5 18.Qxg5 hxg5 19.f3 Nf4 20.Bxf4 gxf4 21.Nd2 g6 22.Nc4 Bc5
23.a3 Bd7 24.b4 Bd4 25.Nxd6 Bxa1 26.Rxa1 b5 27.Nb7 Bc8 28.Nc5 Rf6 29.Re1 a5
30.Bxb5 axb4 31.axb4 fxe4 32.Nxe4 Rb6 33.Bc6 Rab8 34.b5 Rxb5 35.Bxb5 Rxb5
36.Nd6 Rc5 37.Nxc8 Rxc8 38.g3 fxg3 39.hxg3 Re8 40.Re4 Kf7 41.f4 exf4 42.Rxf4+ Ke7
43.Re4+  1-0

[Event "23rd Open"]
[Site "Schwarzach AUT"]
[Date "2008.08.23"]
[Round "8"]
[White "Groetz,H"]
[Black "Ross,C"]
[Result "0-1"]
[WhiteElo "2405"]
[BlackElo "2159"]

1.e4 c5 2.Nf3 e6 3.d4 cxd4 4.Nxd4 a6 5.Bd3 Bc5 6.Nb3 Ba7 7.Qe2 d6 8.Be3 Nc6
9.f4 e5 10.Nc3 Nf6 11.f5 Nd4 12.Bxd4 exd4 13.Nd5 Nxd5 14.exd5+ Qe7 15.Qxe7+ Kxe7
16.f6+ Kxf6 17.O-O+ Ke7 18.Rae1+ Kf8 19.Nd2 Bg4 20.Ne4 Rd8 21.Rf4 Bc8 22.Ref1 f5
23.g4 g6 24.gxf5 gxf5 25.Ng3 Kg7 26.Bxf5 Rhf8 27.Kg2 b5 28.Re4 Rf7 29.Bxh7 Rc7
30.Bf5 Rxc2+ 31.Kh3 Rh8+ 32.Kg4 Rcxh2 33.Re7+ Kf6 34.Rxa7 Rg8+ 35.Kf3 Bxf5
36.Nh5+ Rxh5 37.Rxa6 Rh3+ 38.Kf2 Ke5 39.Rb6 Rh2+ 40.Ke1 Rgg2  0-1

[Event "X Sants Open"]
[Site "Barcelona ESP"]
[Date "2008.08.24"]
[Round "3"]
[White "Popilski,G"]
[Black "Lopez Martinez,Josep"]
[Result "1/2-1/2"]
[WhiteElo "2372"]
[BlackElo "2531"]

1.e4 c5 2.Nf3 e6 3.d4 cxd4 4.Nxd4 a6 5.Bd3 Bc5 6.Nb3 Be7 7.O-O d6 8.Qg4 g6
9.Qe2 Qc7 10.Nc3 Nd7 11.Bd2 b6 12.Rae1 Bb7 13.Kh1 Ngf6 14.Bh6 Ne5 15.h3 b5
16.f4 Nh5 17.Qf2 Nxd3 18.cxd3 Qd8 19.Ne2 Rc8 20.Rc1 Ra8 21.Rc2 f5 22.Rfc1 fxe4
23.dxe4 Nf6 24.Qd4 Bxe4 25.Rc7 Bd5 26.Bg7 Rf8 27.Bxf8 Kxf8 28.Ra7 e5 29.fxe5 dxe5
30.Qe3 Kg8 31.Rxa8 Qxa8 32.Qxe5 Bxg2+ 33.Kh2 Qe4 34.Qg3 Qxe2 35.Qxg2 Qe3
36.Qc6 Qf4+ 37.Kh1 Bd6 38.Qa8+ Kg7 39.Qb7+ Kh6 40.Qg2 Ne4 41.Re1 Ng3+ 42.Kg1 Bb4
43.Rd1 a5 44.Qf2 Qe5 45.a3 Bd6 46.Qd2+ Kg7 47.Qxd6 Qe3+ 48.Kg2 Qe2+ 49.Kxg3 Qe3+  1/2-1/2

[Event "U16 Olympiad"]
[Site "Mersin TUR"]
[Date "2008.08.24"]
[Round "10"]
[White "Gaehwiler,G"]
[Black "Sop,S"]
[Result "1-0"]
[WhiteElo "2095"]
[BlackElo "1870"]

1.e4 c5 2.Nf3 e6 3.d4 cxd4 4.Nxd4 a6 5.Bd3 Nf6 6.O-O d6 7.Qe2 Nbd7 8.Be3 Be7
9.c4 Qc7 10.Nc3 b6 11.Rac1 Bb7 12.Bb1 Rc8 13.b3 Qb8 14.Rfd1 O-O 15.f3 Rfe8
16.Kh1 Bd8 17.Qf2 Bc7 18.Nde2 Ba8 19.a4 Bc6 20.Ba2 b5 21.axb5 axb5 22.Nd4 Ba5
23.Nxc6 Rxc6 24.Nxb5 Bb4 25.Bb1 d5 26.exd5 exd5 27.Nd4 Ra6 28.cxd5 Nxd5 29.Nc6 Rxc6
30.Rxc6 Rxe3 31.Be4 N7b6 32.Bxd5 Nxd5 33.Rxd5 Qe8 34.Rc8 Re1+ 35.Qxe1 Qxc8
36.Qd1 Bf8 37.b4 Qb8 38.b5 Qb6 39.Qd2 h6 40.g3 Qe6 41.Kg2 g6 42.Rd8 Qe7 43.b6 h5
44.Rd7 Qe5 45.Qa2 Qf5 46.Qd5 Qc2+ 47.Kh3  1-0

[Event "44th Rubinstein Mem Open A"]
[Site "Polanica Zdroj POL"]
[Date "2008.08.24"]
[Round "6"]
[White "Mondrzycki,B"]
[Black "Adamowicz,K"]
[Result "0-1"]
[WhiteElo "2012"]
[BlackElo "2063"]

1.e4 c5 2.Nf3 e6 3.d4 cxd4 4.Nxd4 a6 5.Bd3 Bc5 6.Nb3 Ba7 7.O-O d6 8.Nc3 Nf6
9.Qe2 Qc7 10.Be3 Bxe3 11.Qxe3 b5 12.a4 b4 13.Na2 Nc6 14.Rac1 Bb7 15.c3 bxc3
16.Rxc3 O-O 17.Nb4 Qd7 18.Qb6 Nxb4 19.Qxb4 Rab8 20.Qa5 Bxe4 21.Bxa6 Ra8 22.Qb5 Qa7
23.Qg5 Qxa6 24.Nd2 h6  0-1

[Event "8th Open"]
[Site "Velika Gorica CRO"]
[Date "2008.08.24"]
[Round "3"]
[White "Purgar,I"]
[Black "Vukusic,M"]
[Result "1-0"]
[WhiteElo "2026"]
[BlackElo "2146"]

1.e4 c5 2.Nf3 e6 3.d4 cxd4 4.Nxd4 a6 5.Bd3 Nf6 6.O-O d6 7.c4 Qc7 8.Nc3 Nbd7
9.f4 b6 10.Kh1 Bb7 11.Qe2 Rc8 12.Bd2 Be7 13.Rae1 h5 14.e5 Ng4 15.f5 dxe5
16.fxe6 Ndf6 17.exf7+ Kxf7 18.Nf5 Bc5 19.Nd5 Qd7 20.b4 Bxd5 21.bxc5 Bxg2+
22.Kxg2 Rxc5 23.Bb4 Rc6 24.Be4 Nxe4 25.Nh6+ Kg6 26.Nxg4 Qxg4+ 27.Qxg4+ hxg4
28.Rxe4  1-0

[Event "16th Nikea Open"]
[Site "Athens GRE"]
[Date "2008.08.26"]
[Round "2"]
[White "Draci,R"]
[Black "Karagiannis,A"]
[Result "0-1"]
[WhiteElo "2180"]
[BlackElo "2357"]

1.e4 c5 2.Nf3 e6 3.d4 cxd4 4.Nxd4 a6 5.Bd3 Bc5 6.Nb3 Be7 7.Nc3 d6 8.Be3 Nf6
9.Qe2 Qc7 10.f3 b5 11.a3 Bb7 12.Qf2 Nbd7 13.g4 h6 14.h4 d5 15.O-O-O dxe4
16.Nxe4 Ne5 17.Bb6 Nxd3+ 18.Rxd3 Qf4+ 19.Ned2 Nxg4 20.Qg1 Ne5 21.Rd4 Qf6
22.Qe1 Rc8 23.Rf4 Qxf4  0-1